Sociálne poistenie v Európskej únii Švédsko
Pokračovanie článku z predchádzajúceho čísla. Nemocenské poistenie vo Švédsku. Rodinné dávky. Úrazové poistenie a choroby z povolania. Poistenie v nezamestnanosti. Zdravotné poistenie.
Salvato in:
| Autore principale: | |
|---|---|
| Natura: | Capitolo di libro |
| Lingua: | slovacco |
| Soggetti: | |
| Tags: |
Nessun Tag, puoi essere il primo ad aggiungerne!!
|
MARC
| LEADER | 00000naa$a2200000$$$4500 | ||
|---|---|---|---|
| 001 | 0080766 | ||
| 005 | 20230925075020.3 | ||
| 041 | 0 | |a slo | |
| 044 | |a SK | ||
| 245 | 1 | 0 | |a Sociálne poistenie v Európskej únii |b Švédsko |c Lenka Pastorková |
| 520 | |a Pokračovanie článku z predchádzajúceho čísla. Nemocenské poistenie vo Švédsku. Rodinné dávky. Úrazové poistenie a choroby z povolania. Poistenie v nezamestnanosti. Zdravotné poistenie. | ||
| 610 | 2 | 0 | |a poistenie nemocenské |
| 610 | 2 | 0 | |a dávky poistenia nemocenského |
| 610 | 2 | 0 | |a dávky poistné |
| 610 | 2 | 0 | |a dávky v materstve |
| 610 | 2 | 0 | |a poistenie úrazové |
| 610 | 2 | 0 | |a poistenie v nezamestnanosti |
| 610 | 2 | 0 | |a poistenie zdravotné |
| 610 | 2 | 0 | |a Švédsko |
| 100 | 1 | |a Pastorková, Lenka | |